000 00784nam a2200289Ia 4500
001 D4561
003 IT-RoPAU
008 130308s9999 xx 000 0 und d
040 _aIT-RoPAU
040 _cIT-RoPAU
041 _aITALIANO
100 _aGandini Leonardo
100 _gCodice Aut. SPICS: 21334
245 _aNero a colori (Il)
245 _bFotogenia 1: Il colore nel Cinema
250 _a1a ed.
260 _aBOLOGNA
260 _bClueb
260 _c1994 [1° Ed.:1994 - Ed.Ling.Originale:1994]
300 _a"10 p. (prefazione: no ; testo: 10 [pagine: 125-134])"
500 _aTraduzione inglese a Pag. 302: Noir in Color.
650 _aTEORICHE CINEMATOGRAFICHE
650 _eCodice materia Spics: 6805
942 _cBK
957 _71
999 _c97322
_d97322
999 _g1